Pla de formació adreçat als ens locals : 2010 2010
Publicado:
Barcelona :
Diputació de Barcelona. Àrea de Presidència. Direcció dels Serveis de Formació ,
2010
Descripción Física:
536 p. ; 29 cm
MARC
| LEADER | 00000nam a2200000Ia 4500 | ||
|---|---|---|---|
| 001 | 22506 | ||
| 008 | 160829s2010 xx 000 0 cat d | ||
| 080 | |a E-1-385 | ||
| 245 | |a Pla de formació adreçat als ens locals : |b 2010 | ||
| 260 | |a Barcelona : |b Diputació de Barcelona. Àrea de Presidència. Direcció dels Serveis de Formació, |c 2010 | ||
| 300 | |a 536 p. ; |c 29 cm | ||
| 650 | 0 | |a Funcionaris i empleats locals |x Barcelona (Catalunya : Província) |x Formació |9 43379 | |
| 710 | |a Barcelona (Catalunya : Província). |b Direcció de Serveis de Formació |9 51343 | ||
| 901 | |a Arxiu | ||
| 942 | |n 1 | ||
| 952 | |0 0 |1 0 |4 0 |6 E1385 |7 1 |9 51399 |a Arxiu |b Arxiu |d 2016-12-01 |l 0 |o E-1-385 |p 22506 |r 2016-12-01 00:00:00 |w 2016-12-01 |y ARXIU | ||
| 999 | |c 55243 |d 55243 | ||